000 00448pab a2200181 454500
008 180718b2010 xxu||||| |||| 00| 0 eng d
100 _aDuke, Chris
245 _aYouth and adult education within lifelong learning: Claims and challenges
260 _c2010
300 _ap.465-470.
362 _aDec
650 _aYouth
650 _aAdult education
700 _aHinzen, Heribert
773 _aDevelopment
908 _aN
909 _a90055
999 _c90055
_d90055